A carregar...
Dekhan mein chhote lagain/
| Autor principal: | |
|---|---|
| Formato: | Printed Book |
| Publicado em: |
New Delhi:
Prabhat,
1999.
|
| Assuntos: |
| LEADER | 00529nam a22001691a 4500 | ||
|---|---|---|---|
| 999 | |c 10109 |d 10109 | ||
| 020 | |a 9788173153037 | ||
| 082 | |a H301 |b MRI/D | ||
| 100 | |a Mridula Sinha | ||
| 245 | |a Dekhan mein chhote lagain/ |c by Mridula Sinha. | ||
| 260 | |a New Delhi: |b Prabhat, |c 1999. | ||
| 300 | |a 151p. | ||
| 650 | |a Literature Hindi | ||
| 650 | |a Stories Hindi | ||
| 650 | |a Literature | ||
| 942 | |c BK | ||
| 952 | |0 0 |1 0 |4 0 |6 H_301_000000000000000_MRI_D |7 0 |9 14766 |a SSUS |b SSUS |d 2015-01-08 |g 150.00 |o H301 MRI/D |p 045020 |r 2015-01-08 |v 0.00 |w 2015-01-08 |y BK | ||